| 000 | 00890cac a22002291u 4500 | ||
|---|---|---|---|
| 090 | _c9485 | ||
| 008 | 081102t1992 xxu||||| |||| 00| 0 eng d | ||
| 010 | _a92038691 | ||
| 020 | _a0631178015 (acid-free paper) | ||
| 082 | 0 | 0 |
_a111.8503 _bCOM |
| 245 | 0 | 2 |
_aA Companion to aesthetics / _cedited by David E. Cooper ; advisory editors, Joseph Margolis and Crispin Sartwell. |
| 260 |
_aOxford, OX, UK ; _aCambridge, Mass., USA : _bBlackwell Reference, _cc.1992. |
||
| 300 |
_axiii, 466 p. : _bill. ; _c26 cm. |
||
| 440 | 0 | _aBlackwell companions to philosophy | |
| 500 | _aDistributer: Al-Ahram. | ||
| 504 | _aIncludes bibliographical references and index. | ||
| 511 | _aCatalogued By: Mahitab. | ||
| 650 | 0 |
_aAesthetics _vEncyclopedias. |
|
| 700 | 1 |
_aCooper, David E. _q(David Edward), _d1942- |
|
| 942 |
_cBB _k111.8503COM _2ddc |
||
| 999 |
_c9485 _d9485 |
||